Language teacher supervision : a case based approach (Registro nro. 451760)

Detalles MARC
001 - NÚMERO DE CONTROL
campo de control 1062150
005 - FECHA Y HORA DE LA ÚLTIMA TRANSACCIÓN
campo de control 20260507082750.0
008 - DATOS DE LONGITUD FIJA--INFORMACIÓN GENERAL
campo de control de longitud fija 080116s2006 eng
020 ## - NÚMERO INTERNACIONAL ESTÁNDAR DEL LIBRO
Número Internacional Estándar del Libro 9780521547451
035 ## - NÚMERO DE CONTROL DEL SISTEMA
Número de control de sistema 1062150
035 ## - NÚMERO DE CONTROL DEL SISTEMA
Número de control de sistema (OCoLC)644816050
040 ## - FUENTE DE LA CATALOGACIÓN
Centro/agencia transcriptor comduadb
041 ## - CÓDIGO DE LENGUA
Código de lengua del texto/banda sonora o título independiente eng
082 #4 - NÚMERO DE LA CLASIFICACIÓN DECIMAL DEWEY
Número de clasificación 418
100 10 - ENTRADA PRINCIPAL--NOMBRE DE PERSONA
Nombre de persona Bailey, Kathleen M.
Código de función aut
Término indicativo de función/relación Autor/a
9 (RLIN) 340592
245 10 - MENCIÓN DE TÍTULO
Título Language teacher supervision : a case based approach
250 ## - MENCIÓN DE EDICIÓN
Mención de edición 1. ed.
260 ## - PUBLICACIÓN, DISTRIBUCIÓN, ETC.
Lugar de publicación, distribución, etc. Estados Unidos :
Nombre del editor, distribuidor, etc. Cambridge University Press,
Fecha de publicación, distribución, etc. 2006.
300 ## - DESCRIPCIÓN FÍSICA
Extensión 384 páginas
490 0# - MENCIÓN DE SERIE
Mención de serie Cambridge Language Teaching Library
650 ## - PUNTO DE ACCESO ADICIONAL DE MATERIA--TÉRMINO DE MATERIA
Término de materia o nombre geográfico como elemento de entrada Formacion de docentes - Idiomas
9 (RLIN) 166385
650 ## - PUNTO DE ACCESO ADICIONAL DE MATERIA--TÉRMINO DE MATERIA
Término de materia o nombre geográfico como elemento de entrada Método educativo
9 (RLIN) 64814
650 ## - PUNTO DE ACCESO ADICIONAL DE MATERIA--TÉRMINO DE MATERIA
Término de materia o nombre geográfico como elemento de entrada Observación (Método educativo)
9 (RLIN) 85877
942 ## - ELEMENTOS DE ENTRADA AGREGADA (KOHA)
Tipo de ítem Koha Libros
Existencias
Estado de retiro Estado de pérdida Estado dañado No para préstamo Código de colección Localización permanente Ubicación/localización actual Fecha de adquisición Fuente de adquisición Coste, precio normal de compra Número de inventario Total de préstamos Signatura topográfica completa Código de barras Fecha visto por última vez Número de copia Precio válido a partir de Tipo de ítem Koha
        Colección General Piso 2 Biblioteca Carlos Gaviria Díaz, Campus Medellín Biblioteca Carlos Gaviria Díaz, Campus Medellín 16/01/2008 Amazon.Com 27.00 C985639   418.007 B155 0720484 27/04/2023 1 27/04/2023 Libros